| 000 | 00689nam a22002177a 4500 | ||
|---|---|---|---|
| 003 | OSt | ||
| 005 | 20260422045528.0 | ||
| 008 | 260422b |||||||| |||| 00| 0 eng d | ||
| 020 | _a0-340-66226-3. | ||
| 040 |
_aDWC-Admin lib _cOC |
||
| 082 | _aCirc. 300.72 N114p 1997 | ||
| 100 | _aNachmias, Chava F. | ||
| 245 |
_a Research methods in the social sciences / _cChava F. Nachmias |
||
| 260 |
_aLondon : _bArnold : a member of the Hodder Headline Group, _cc1997 |
||
| 300 |
_axxii, 600 p. ; _c23 cm. |
||
| 504 | _aincludes bibliographical and index. | ||
| 504 | _aIncludes index. | ||
| 650 | _a1. Social research | ||
| 700 | _aNachmias, David | ||
| 942 |
_2ddc _cBK-CIRC _hCirc. _n0 |
||
| 999 |
_c9671 _d9671 |
||